The Decline in primary school enrolment in Kenya / (Record no. 822)
[ view plain ]
| 000 -LEADER | |
|---|---|
| fixed length control field | 00725nam a22002172 4500 |
| 001 - CONTROL NUMBER | |
| control field | 0000009043 |
| 005 - DATE AND TIME OF LATEST TRANSACTION | |
| control field | 20151021151120.0 |
| 008 - FIXED-LENGTH DATA ELEMENTS--GENERAL INFORMATION | |
| fixed length control field | 080727s xx 000 0 eng d |
| 020 ## - INTERNATIONAL STANDARD BOOK NUMBER | |
| International Standard Book Number | 9966949186 : |
| Terms of availability | Donation |
| 040 ## - CATALOGING SOURCE | |
| Original cataloging agency | KABU |
| Transcribing agency | KABU |
| 245 14 - TITLE STATEMENT | |
| Title | The Decline in primary school enrolment in Kenya / |
| Statement of responsibility, etc. | Arjun S. Bedi ...[et al]. |
| 260 ## - PUBLICATION, DISTRIBUTION, ETC. (IMPRINT) | |
| Place of publication, distribution, etc. | Nairobi : |
| Name of publisher, distributor, etc. | KIPPRA, |
| Date of publication, distribution, etc. | 2002. |
| 300 ## - PHYSICAL DESCRIPTION | |
| Extent | vi, 43 p. |
| 650 #0 - SUBJECT ADDED ENTRY--TOPICAL TERM | |
| Topical term or geographic name as entry element | Education, Primary |
| Geographic subdivision | Kenya. |
| -- | 0000153495 |
| 700 1# - ADDED ENTRY--PERSONAL NAME | |
| Personal name | Bedi, Arjun S. |
| -- | 0000160785 |
| 908 ## - PUT COMMAND PARAMETER (RLIN) | |
| Put command parameter | 080727 |
| 950 ## - LOCAL HOLDINGS (RLIN) | |
| -- | 1 |
| Withdrawn status | Lost status | Source of classification or shelving scheme | Not for loan | Home library | Current library | Date acquired | Total Checkouts | Full call number | Barcode | Date last seen | Price effective from | Koha item type |
|---|---|---|---|---|---|---|---|---|---|---|---|---|
| Library of Congress Classification | Kabarak, Main Campus | Kabarak, Main Campus | 17/12/2015 | LA1562 .D43 c. 2 | 012538 | 17/12/2015 | 17/12/2015 | General Collection | ||||
| Library of Congress Classification | Kabarak, Main Campus | Kabarak, Main Campus | 17/12/2015 | LA1562 .D43 c. 3 | 18836 | 11/02/2017 | 17/12/2015 | General Collection | ||||
| Library of Congress Classification | Kabarak, Main Campus | Kabarak, Main Campus | 17/12/2015 | LA1562 .D43 c. 4 | 24827 | 17/12/2015 | 17/12/2015 | General Collection | ||||
| Library of Congress Classification | Kabarak, Main Campus | Kabarak, Main Campus | 17/12/2015 | LA1562 .D43 c. 1 | 012597 | 17/12/2015 | 17/12/2015 | Africana Collection | ||||
| Library of Congress Classification | Kabarak, Nakuru City Campus | Kabarak, Nakuru City Campus | 21/10/2015 | LA1562 .D43 c. 1 | 15320 | 21/10/2015 | 21/10/2015 | General Collection | ||||
| Library of Congress Classification | Kabarak, Nakuru City Campus | Kabarak, Nakuru City Campus | 21/10/2015 | LA1562 .D43 c. 2 | 15319 | 21/10/2015 | 21/10/2015 | General Collection | ||||
| Library of Congress Classification | Kabarak, Nakuru City Campus | Kabarak, Nakuru City Campus | 21/10/2015 | LA1562 .D43 c. 3 | 18757 | 21/10/2015 | 21/10/2015 | General Collection |